| 000 | 00558nam a2200181Ia 4500 | ||
|---|---|---|---|
| 005 | 20250423095539.0 | ||
| 008 | 250422s9999 xx 000 0 und d | ||
| 020 | _a1853260045 | ||
| 050 | _aPR 4560 .A1/ | ||
| 100 | _aDickens, Charles | ||
| 245 | 0 | _aGreat expectations | |
| 260 | _aHertfordshire | ||
| 260 | _bWordsworth Editions. | ||
| 260 | _c1992 | ||
| 300 | _a410 p | ||
| 650 | _aMan-woman relationships _ Fiction Ex-convicts _ Fiction Benefactors _ Fiction Young men _ Fiction England _ Fiction Revenge _ Fiction Orphans _ Fiction | ||
| 942 | _cBK | ||
| 999 |
_c30606 _d30606 |
||